|
|
|
|
| LEADER |
00808cam a2200241 7i4500 |
| 001 |
0000051390 |
| 005 |
20180213090000.0 |
| 008 |
180213 eng |
| 020 |
|
|
|a 9780071221153
|
| 020 |
|
|
|a 0071221158
|
| 090 |
0 |
0 |
|a HG4026
|b .J37 2011
|
| 100 |
1 |
|
|a Jordan, Bradford D
|
| 245 |
1 |
0 |
|a Corporate finance essentials
|c Bradford D. Jordan, Randolph W. Westerfield, Stephen A. Ross.
|
| 250 |
|
|
|a 7th ed.
|
| 260 |
|
|
|a New York:
|b McGraw-Hill,
|c 2011.
|
| 300 |
|
|
|a 668 p.:
|b col. ill.;
|c 25 cm.
|
| 500 |
|
|
|a Gift: Faculty of Business & Accountancy
|
| 500 |
|
|
|a Includes index
|
| 650 |
0 |
0 |
|a Corporations --
|x Finance
|
| 700 |
1 |
|
|a Westerfield, Randolph W
|
| 700 |
1 |
|
|a Ross, Stephen A
|
| 997 |
|
|
|a Business & Accountancy, Faculty
|
| 999 |
|
|
|a 0000061556
|b BOK
|c OPEN SHELF
|e 1st Floor, Shah Alam
|